LIBRARY & INFORMATION CENTRE, KCAET, TAVANUR

ONLINE PUBLIC ACCESS CATALOGUE (OPAC)

Chemical kinetic methods: principles of relaxation, technics and applications / (Record no. 10322)

MARC details
000 -LEADER
fixed length control field 00546cam a2200193ua 4500
020 ## - INTERNATIONAL STANDARD BOOK NUMBER
ISBN 81 224 0862 1
041 ## - LANGUAGE CODE
Language code of text/sound track or separate title eng
082 ## - DEWEY DECIMAL CLASSIFICATION NUMBER
Classification number 541.394
Item number KAL/CH
100 ## - MAIN ENTRY--AUTHOR NAME
Personal name Kalidas, C .
245 ## - TITLE STATEMENT
Title Chemical kinetic methods: principles of relaxation, technics and applications /
260 ## - PUBLICATION, DISTRIBUTION, ETC. (IMPRINT)
Place of publication New Delhi :
Name of publisher New Age International Ltd ,
Year of publication 1996.
300 ## - PHYSICAL DESCRIPTION
Number of Pages 243 ; .
942 ## - ADDED ENTRY ELEMENTS (KOHA)
Koha item type Books
Holdings
Withdrawn status Lost status Damaged status Home library Current library Date acquired Full call number Accession Number Koha item type
      KAUAET KAUAET 07/04/2012 541.394 KAL/CH 19782 Books
      KAUAET KAUAET 07/04/2012 541.394 KAL/CH 19926 Books
      KAUAET KAUAET 07/04/2012 541.394 KAL/CH 20406 Books
free website counter